Исследование химического состава ламинарии; Прогрессивные технологии и экономика в машиностроении; Т. 2

التفاصيل البيبلوغرافية
Parent link:Прогрессивные технологии и экономика в машиностроении: сборник трудов VII Всероссийской научно-практической конференции для студентов и учащейся молодежи, г. Юрга, 7-9 апреля 2016 г./ Национальный исследовательский Томский политехнический университет (ТПУ), Юргинский технологический институт (ЮТИ) ; под ред. Д. А. Чинахова.— , 2016
Т. 2.— 2016.— [С. 168-170]
المؤلف الرئيسي: Карпов Д. В.
مؤلف مشترك: Национальный исследовательский Томский политехнический университет (ТПУ) Юргинский технологический институт (филиал) (ЮТИ) Кафедра естественного научного образования (ЕНО)
مؤلفون آخرون: Деменкова Л. Г. Лариса Геннадьевна (научный руководитель)
الملخص:Заглавие с титульного экрана
اللغة:الروسية
منشور في: 2016
سلاسل:Современное состояние и проблемы естественных наук
الموضوعات:
الوصول للمادة أونلاين:http://earchive.tpu.ru/handle/11683/26221
التنسيق: الكتروني فصل الكتاب
KOHA link:https://koha.lib.tpu.ru/cgi-bin/koha/opac-detail.pl?biblionumber=618533

MARC

LEADER 00000naa2a2200000 4500
001 618533
005 20231219164541.0
035 |a (RuTPU)RU\TPU\conf\16915 
035 |a RU\TPU\conf\16914 
090 |a 618533 
100 |a 20160603d2016 k y0rusy50 ca 
101 0 |a rus 
102 |a RU 
105 |a y z 101zy 
135 |a drcn ---uucaa 
181 0 |a i  
182 0 |a b 
200 1 |a Исследование химического состава ламинарии  |f Д. В. Карпов  |g науч. рук. Л. Г. Деменкова 
203 |a Текст  |c электронный 
225 1 |a Современное состояние и проблемы естественных наук 
300 |a Заглавие с титульного экрана 
320 |a [Библиогр.: с. 170 (5 назв.)] 
461 1 |0 (RuTPU)RU\TPU\conf\16596  |t Прогрессивные технологии и экономика в машиностроении  |o сборник трудов VII Всероссийской научно-практической конференции для студентов и учащейся молодежи, г. Юрга, 7-9 апреля 2016 г.  |o в 2 т.  |f Национальный исследовательский Томский политехнический университет (ТПУ), Юргинский технологический институт (ЮТИ) ; под ред. Д. А. Чинахова  |d 2016 
463 1 |0 (RuTPU)RU\TPU\conf\16602  |t Т. 2  |v [С. 168-170]  |d 2016 
610 1 |a труды учёных ТПУ 
610 1 |a электронный ресурс 
610 1 |a водоросли 
610 1 |a химический состав 
610 1 |a биохимические исследования 
610 1 |a ламинарии 
610 1 |a студнеобразователи 
700 1 |a Карпов  |b Д. В. 
702 1 |a Деменкова  |b Л. Г.  |c специалист в области естествознания  |c старший преподаватель Юргинского технологического института (филиала) Томского политехнического университета  |f 1964-  |g Лариса Геннадьевна  |4 727 
712 0 2 |a Национальный исследовательский Томский политехнический университет (ТПУ)  |b Юргинский технологический институт (филиал) (ЮТИ)  |b Кафедра естественного научного образования (ЕНО)  |3 (RuTPU)RU\TPU\col\18894 
801 2 |a RU  |b 63413507  |c 20160629  |g RCR 
856 4 |u http://earchive.tpu.ru/handle/11683/26221 
942 |c BK